<?xml version="1.0" encoding="UTF-8"?>
<marc:record xmlns:marc="http://www.loc.gov/MARC21/slim">
   <marc:leader>00000nam a2200000 a 4500</marc:leader>
   <marc:datafield ind1="1" ind2=" " tag="100">
      <marc:subfield code="a">Hauenschild, Lydia</marc:subfield>
      <marc:subfield code="4">aut</marc:subfield>
      <marc:subfield code="e">Verfasser/-in</marc:subfield>
   </marc:datafield>
   <marc:datafield ind1=" " ind2=" " tag="653">
      <marc:subfield code="a">Pferd</marc:subfield>
   </marc:datafield>
   <marc:datafield ind1=" " ind2=" " tag="653">
      <marc:subfield code="a">Erstlesebuch</marc:subfield>
   </marc:datafield>
   <marc:datafield ind1=" " ind2=" " tag="653">
      <marc:subfield code="a">Sachbilderbuch</marc:subfield>
   </marc:datafield>
   <marc:datafield ind1=" " ind2=" " tag="653">
      <marc:subfield code="a">Antolin Klasse-1</marc:subfield>
   </marc:datafield>
   <marc:datafield ind1=" " ind2=" " tag="653">
      <marc:subfield code="a">Erstleser1</marc:subfield>
   </marc:datafield>
   <marc:datafield ind1=" " ind2=" " tag="653">
      <marc:subfield code="a">Lesenlernen mit Bildern</marc:subfield>
   </marc:datafield>
   <marc:datafield ind1="0" ind2="0" tag="245">
      <marc:subfield code="a">Das weiß ich über Ponys</marc:subfield>
   </marc:datafield>
   <marc:datafield ind1=" " ind2="1" tag="264">
      <marc:subfield code="b">Loewe</marc:subfield>
      <marc:subfield code="c">2006</marc:subfield>
   </marc:datafield>
   <marc:datafield ind1="1" ind2=" " tag="490">
      <marc:subfield code="a">Bildermaus</marc:subfield>
   </marc:datafield>
   <marc:datafield ind1="1" ind2=" " tag="520">
      <marc:subfield code="a">Ansprechendes und informatives Erstlesebuch. (ab 5) (JE) Lea besucht ihre Oma auf dem Land. Auf dem benachbarten Ponyhof hilft sie mit, die Ponys zu pflegen und ihre Boxen sauber zu machen. Dafür darf sie an der Lounge reiten. Schließlich erlebt sie noch die Geburt eines Fohlens mit. Diese einfach erzählte Geschichte, in der die Substantiva durch Bilder ersetzt sind, bildet den Rahmen des sehr ansprechend gestalteten Erstleserbuches. Dazwischen findet man drei Doppelseiten mit detailgetreuen Illustrationen, auf denen die Körperteile der Ponys, Reitausrüstung, der Stall mit seinen Gerätschaften, die Bereiche des Ponyhofs etc. mit den passenden Begriffen bezeichnet sind, und weitere drei Doppelseiten, auf denen wichtige Begriffe noch genauer erläutert werden. Besonders gelungen ist die Ausgewogenheit von Leseförderung, Informationsvermittlung und schöner Gestaltung durch großflächige Illustrationen, auf denen es viel zu entdecken gibt. - Sehr empfehlenswert. *bn* Eva Moser-Reitsamer</marc:subfield>
   </marc:datafield>
   <marc:datafield ind1="3" ind2=" " tag="024">
      <marc:subfield code="a">3785557159</marc:subfield>
   </marc:datafield>
</marc:record>
